000 00471nam a22001577a 4500
005 20240730135112.0
008 240730b |||||||| |||| 00| 0 eng d
041 _aEnglish/Afrikaans
082 _a349 SOU
100 _lEnglish/Afrikaans
245 _aThe South African Law Reports
260 _aJohannesburg:
_bDigma Publications,
_c1915
300 _bxxxiv, 416 pages;
_c25 cm.
650 _aLegal practice
_bLaw
942 _cBK
_6ALISON_BN_VRIES
999 _c2309
_d2309